000
00480nam a2200181Ia 4500
008
100917s9999 xx 000 0 und d
082
_b
54020
100
_a
टागोर रवींद्रनाथ
245
_a
कथाक दंब
260
_b
एन. एन. दातार
_c
1935
300
_a
213
365
_b
1.25
520
_a
कथा
630
_a
कथाक दंब
650
_a
कथा
730
_a
कथाक दंब
942
_c
BOOK
999
_c
659414
_d
659411